Bienvenue à la Médiathèque de Saint-Andiol
banniere
Accueil Recherche avancée Mon compte
handi1 Rechercher dans le catalogue

Filtre   Mots-clés
  Recherche avancée
 
Lister les dernières nouveautés
 
Lister les livres GROS CARACTERES
 
Lister les périodiques (magazines)

handi1 Club des Cinq et le trésor de l'île (Le)

Book Cover
Auteur principal : Nataël
Autres auteurs : Béja Enid Blyton
Titre : Club des Cinq et le trésor de l'île (Le)
Support : Livres
Langue : Francais
Publié : 2022 Hachette Comics Vanves (Hauts-de-Seine)
Series : Le Club des Cinq
Genre : Bande Dessinée (enfants)
Sujets :
Étiquettes :
Pas de tags
LEADER 01126nam0a2200229 450
001 16868191
010 |a 978-2-01-716877-5  |b br.  |d 5 € 
100 |a 20220713d2022 u u0frey01 ba 
101 0 |a fre 
102 |a FR 
200 0 |a Club des Cinq et le trésor de l'île (Le)  |f scénario Nataël  |g dessin & couleur Béja - d'après Enid Blyton 
207 1 |a   
210 |a Vanves (Hauts-de-Seine)  |c Hachette Comics  |d 2022 
215 |a 1 vol. (64 p.)  |c illustrations en couleur  |d 21 cm 
330 |a Pour la première fois, François, Mick et Annie vont passer les grandes vacances chez leur tante à Kernach. Ils y font connaissance de leur cousine Claude, un vrai garçon manqué. Accompagnés du fidèle chien Dagobert, ils partent à la découverte du trésor qu'indique une vieille carte trouvée sur l'île de Kernach... 
461 0 |t Le Club des Cinq  |v 01 
700 0 |a Nataël  |f 1940-....  |4 70 
701 0 |a Béja  |4 440 
701 0 |a Blyton  |b Enid  |f 1897-1968  |4 100 
900 |a Bande Dessinée (enfants) 
901 |a Jeunesse 
995 |a Médiathèque  |c Médiathèque  |f 00156011129038  |h 00156011129038  |k BD CLU  |o p  |q j  |r az  |e Médiathèque